Intermediate lessons in natural philosophy. (Record no. 13118)

MARC details
000 -LEADER
fixed length control field 00605cam a22001931 4500
001 - CONTROL NUMBER
control field c 98000152
003 - CONTROL NUMBER IDENTIFIER
control field DLC
005 - DATE AND TIME OF LATEST TRANSACTION
control field 20260227111038.0
008 - FIXED-LENGTH DATA ELEMENTS--GENERAL INFORMATION
fixed length control field 801210s1898 paua 00010 eng
010 ## - LIBRARY OF CONGRESS CONTROL NUMBER
LC control number c 98000152 //r86
050 0# - LIBRARY OF CONGRESS CALL NUMBER
Classification number QC23
Item number .H85 1898
100 10 - MAIN ENTRY--PERSONAL NAME
Personal name Houston, Edwin J.
Fuller form of name (Edwin James),
Dates associated with a name 1847-1914.
245 00 - TITLE STATEMENT
Title Intermediate lessons in natural philosophy.
Statement of responsibility, etc. By Edwin J. Houston ...
250 ## - EDITION STATEMENT
Edition statement Rev. ed.
260 0# - PUBLICATION, DISTRIBUTION, ETC.
Place of publication, distribution, etc. Philadelphia,
Name of publisher, distributor, etc. Eldridge & brother,
Date of publication, distribution, etc. 1898.
300 ## - PHYSICAL DESCRIPTION
Extent viii, [9]-215 p.
Other physical details illus.
Dimensions 18 cm.
500 ## - GENERAL NOTE
General note "Questions for examination": p. 205-215.
650 #0 - SUBJECT ADDED ENTRY--TOPICAL TERM
Topical term or geographic name entry element Physics.

No items available.

Powered by Koha